000 00415nam a2200145Ia 4500
008 210210b1994 xxu||||| |||| 00| 0 eng d
082 _a823.009896 REDN
100 _aREDDY (K Indrasena).
245 _aNovels of Acebe & Ngugi: a study in the dialectics of commitment.
260 _aN D
_bPrestige Books
_c1994
300 _a144
650 _aAfrican Novelists
690 _aEnglish Criticis
906 _a05385
999 _c101845
_d101845